000 00790nam a22002057a 4500
008 160928b xxu||||| |||| 00| 0 eng d
020 _a9781843102014
050 _aLC 4717.5
_b.H37 2004
100 _aHarpur, John
245 _asucceding in college with asperger syndrome :
_ba students guide/
_cJohn Harpur, Maria Lawlor and Michael Fitzgerald.
260 _aLondon :
_bJessica Kingsley Publishers ;
_cc2004.
300 _a272p. :
_bill. ;
_c23cm.
500 _aIncludes bibliography and index.
650 _aAutistic children
_xeducation (higher).
650 _aAsperger's syndrome
_xpatients
_yeducation (higher)
650 _aCollege students orientation.
700 _aLawlor, Maria
700 _aFitzgerald, Michael
942 _2lcc
_cBOOKS
_hLC 4717.5 .H37 2004
999 _c14233
_d14233